000
00411nam a2200133Ia 4500
008
100328s9999 xx 000 0 und d
082
_b
60240
100
_a
सारंग कमलाकर
245
_a
बाइंडरचे दिवस.
260
_b
गं्रथाली.
630
_a
बाइंडरचे दिवस.
730
_a
बाइंडरचे दिवस.
942
_c
BOOK
999
_c
546402
_d
546399